Logo BPK

Biblioteka

Politechniki Koszalińskiej

Gender and ethnicity in schools : (Rekord nr 49260)

Szczegóły MARC
000 -ETYKIETA REKORDU
podpole kontrolne o stałej długości 00828nam a2200265 i 4500
001 - NUMER KONTROLNY REKORDU
pole kontrolne bgj
020 ## - MIĘDZYNARODOWY ZNORMALIZOWANY NUMER KSIĄŻKI - ISBN
ISBN 0415089689
040 ## - ŹRÓDŁO KATALOGOWANIA
Instytucja, która utworzyła rekord BPK
041 0# - KOD JĘZYKA
Kod języka tekstu eng
920 ## - Międzynarodowy znormalizowany numer książki – ISBN
ISBN 0-415-08968-9
008 - POLE O STAŁEJ DŁUGOŚCI - DANE KONTROLNE
podpole kontrolne o stałej długości s uk f |000 0 eng
245 00 - TYTUŁ/ODPOWIEDZIALNOŚĆ
Tytuł Gender and ethnicity in schools :
Ciąg dalszy tytułu ethnographic accounts /
Pozostałe elementy strefy tytułu i oznaczenia odpowiedzialności edited by Peter Woods and Martyn Hammersley.
250 ## - STREFA WYDANIA
Oznaczenie wydania repr.
260 ## - STREFA ADRESU WYDAWNICZEGO
Miejsce wydania London ;
-- New York :
Nazwa wydawcy/dystrybutora Routledge,
Data publikacji, dystrybucji/powstania dokumentu 1993=
Nazwa wydawcy/dystrybutora Open University.
300 ## - STREFA OPISU FIZYCZNEGO
Objętość VI, 228, [2] pp :
Inne cechy fizyczne ill. ;
Rozmiary 24 cm.
501 ## - UWAGA DOTYCZĄCA PRAC WSPÓŁWYDANYCH
Tekst uwagi In association with the Open University.
505 ## - SFORMALIZOWANA UWAGA DOTYCZĄCA ZAWARTOŚCI
Pełny tekst uwagi Includes index.
650 #9 - HASŁO PRZEDMIOTOWE W FORMIE NAZWY OGÓLNEJ LUB JEDNOSTKOWEJ
Nazwa ogólna lub geograficzna Educational sociology
650 #9 - HASŁO PRZEDMIOTOWE W FORMIE NAZWY OGÓLNEJ LUB JEDNOSTKOWEJ
Nazwa ogólna lub geograficzna Multicultural education
650 #9 - HASŁO PRZEDMIOTOWE W FORMIE NAZWY OGÓLNEJ LUB JEDNOSTKOWEJ
Nazwa ogólna lub geograficzna Sex discrimination in education
700 1# - HASŁO DODATKOWE - NAZWA OSOBOWA
Nazwa osobowa Hammersley, Martyn
700 1# - HASŁO DODATKOWE - NAZWA OSOBOWA
Nazwa osobowa Woods, Peter
Daty związane z nazwą (1934- )
710 ## - HASŁO DODATKOWE - NAZWA CIAŁA ZBIOROWEGO
Nazwa ciała zbiorowego lub jednostki geograficznej Open University
856 ## - LOKALIZACJA I DOSTĘP DO ELEKTRONICZNYCH DOKUMENTÓW ZDALNYCH
Link (URL) http://koha.tu.koszalin.pl/cgi-bin/koha/opac-detail.pl?biblionumber=49260
Tekst linku Katalog online BPK
942 ## - DODATKOWE ELEMENTY (KOHA)
Typ dokumentu Książka
Egzemplarze
Wycofany Status egzemplarza Uszkodzony Dostępność Lokalizacja stała Lokalizacja bieżąca Miejsce przechowywania Sygnatura Kod kreskowy Dział Typ dokumentu
      Tylko na miejscu Biblioteka Politechniki Koszalińskiej Biblioteka Politechniki Koszalińskiej Czytelnia Wydziałowa ul. Kwiatkowskiego 6e BR 113 09000582 37 Oświata. Pedagogika. Wychowanie. Szkolnictwo Książka
© 2023 Biblioteka Politechniki Koszalińskiej :: KOHA